000 00488nam a22001697a 4500
003 OSt
008 260427b |||||||| |||| 00| 0 eng d
082 _a634.6
_bS48T
100 _aSingh, Uma Shankar Prasad
245 _aTo Study the Effect of Photosynthesis Improving Chemicals on Litchi (Litchi chinensis Sonn.)
260 _aPusa, Samastipur
_bRAU
_c1991
300 _a58P.
502 _bMsc.
_d1991
650 _aFruit & Fruit Technology
650 _aHorticulture
942 _2ddc
_cT
999 _c50214
_d50214